000 01332nam0a2200301 4500
001 RU\NLR\bibl\1325722
005 20250615162201.0
010 _z5-8135-405-2
_9100
021 _aRU
_b2008-95336
_95589
035 _a(NLR Aleph) 001311028
090 _a679599
_c679599
100 _a20090206d2008 |||y0rusy50 ca
101 0 _arus
102 _aRU
105 _aac |||||||||
200 1 _aЛес и лесное дело
_eвласть, общество, человек
_eбеседы об истории и современных проблемах российского леса
_f[под общ. ред. акад. Александра Николаевича Обливина]
205 _a2-е изд.
210 _aМосква
_cИзд-во Московского государственного университета леса
_d2008
215 _a202, [2] c., [4] л. цв. ил.
_cил., портр.
_d30
606 1 _aЛесное хозяйство
_jПопулярные издания
_yРоссийская Федерация
_92145558
_3RU\NLR\auth\661292674
686 _aП3(2Р)
686 _aУ34(2Р)
702 1 _aОбливин
_bА. Н.
_gАлександр Николаевич
_4340
801 0 _aRU
_bNLR
_c20090206
_gRCR
801 1 _aRU
_bNLR
_c20090206
942 _cBOOK
980 _aNB